00286nam a2200133Ia 4500008004100000100001800041245001700059250001200076260001500088300000900103650001600112942000700128999001700135190216s9999||||xx |||||||||||||| ||und|| aChatterji. Pn 0aTrigonometry a8st Ed. bNullc1977 a178p aMathematics cBK c30583d30583